<?xml version="1.0" encoding="UTF-8"?>
<record
    xmlns:xsi="http://www.w3.org/2001/XMLSchema-instance"
    xsi:schemaLocation="http://www.loc.gov/MARC21/slim http://www.loc.gov/standards/marcxml/schema/MARC21slim.xsd"
    xmlns="http://www.loc.gov/MARC21/slim">

  <leader>02602nam a22003737a 4500</leader>
  <controlfield tag="003">OSt</controlfield>
  <controlfield tag="005">20260604084824.0</controlfield>
  <controlfield tag="008">260604b        |||||||| |||| 00| 0 eng d</controlfield>
  <datafield tag="040" ind1=" " ind2=" ">
    <subfield code="a">Foundation University Library </subfield>
    <subfield code="b">eng</subfield>
    <subfield code="c">Foundation University Library</subfield>
    <subfield code="e">rda</subfield>
  </datafield>
  <datafield tag="050" ind1=" " ind2=" ">
    <subfield code="a">GS (DocEd-Dis) LG 221 D35 G73</subfield>
    <subfield code="b">A6 E38 A36 1993 T35</subfield>
  </datafield>
  <datafield tag="100" ind1=" " ind2=" ">
    <subfield code="a">Tale, Norma L.,</subfield>
    <subfield code="e">author</subfield>
    <subfield code="9">5777</subfield>
  </datafield>
  <datafield tag="245" ind1=" " ind2=" ">
    <subfield code="a">The T.H.E. implementation in the public secondary schools of Negros Oriental, school year 1992-1993 :</subfield>
    <subfield code="b">proposed plan for development /</subfield>
    <subfield code="c">by Norma L. Tale.</subfield>
  </datafield>
  <datafield tag="260" ind1=" " ind2=" ">
    <subfield code="a">Dumaguete City : </subfield>
    <subfield code="b">Foundation University,</subfield>
    <subfield code="c">1993.</subfield>
  </datafield>
  <datafield tag="264" ind1=" " ind2=" ">
    <subfield code="4">1993.</subfield>
  </datafield>
  <datafield tag="300" ind1=" " ind2=" ">
    <subfield code="a">197 leaves :</subfield>
    <subfield code="b">illustrations ;</subfield>
    <subfield code="c">28 cm</subfield>
    <subfield code="3">dissertation</subfield>
    <subfield code="f">leaves</subfield>
  </datafield>
  <datafield tag="336" ind1=" " ind2=" ">
    <subfield code="3">rdacontent</subfield>
    <subfield code="a">text</subfield>
    <subfield code="b">txt</subfield>
  </datafield>
  <datafield tag="337" ind1=" " ind2=" ">
    <subfield code="3">rdamedia</subfield>
    <subfield code="a">unmediated</subfield>
    <subfield code="b">n</subfield>
  </datafield>
  <datafield tag="338" ind1=" " ind2=" ">
    <subfield code="3">GS-DocEd-Diss</subfield>
    <subfield code="a">volume</subfield>
    <subfield code="b">nc</subfield>
    <subfield code="2">rdacarrier</subfield>
  </datafield>
  <datafield tag="490" ind1=" " ind2=" ">
    <subfield code="a">GS-DocEd-Dis</subfield>
  </datafield>
  <datafield tag="500" ind1=" " ind2=" ">
    <subfield code="a">Conducted during the school year 1992-1993 in selected public secondary schools of Negros Oriental, this study evaluated the implementation of the Technology and Home Economics (T.H.E.) curriculum and included a proposed development plan based on the findings.</subfield>
  </datafield>
  <datafield tag="502" ind1=" " ind2=" ">
    <subfield code="a">Graduate dissertation (Doctor of Education) -- Foundation University, 1993.</subfield>
  </datafield>
  <datafield tag="504" ind1=" " ind2=" ">
    <subfield code="a">Includes bibliographical references and appendices.
</subfield>
  </datafield>
  <datafield tag="520" ind1=" " ind2=" ">
    <subfield code="a">This study evaluated the implementation of the Technology and Home Economics (T.H.E.) program in public secondary schools of Negros Oriental during the school year 1992-1993. Specifically, it determined the extent of implementation, assessed the adequacy of instructional resources and facilities, and identified problems encountered in the program. Based on the findings, a proposed development plan was formulated to enhance the effectiveness of T.H.E. instruction and strengthen program implementation in public secondary schools.</subfield>
  </datafield>
  <datafield tag="650" ind1=" " ind2=" ">
    <subfield code="a">Home economics </subfield>
    <subfield code="x">Study and teaching (Secondary) </subfield>
    <subfield code="z">Philippines.</subfield>
    <subfield code="z">Negros Oriental. </subfield>
    <subfield code="9">17134</subfield>
  </datafield>
  <datafield tag="650" ind1=" " ind2=" ">
    <subfield code="a">Secondary education </subfield>
    <subfield code="z">Philippines.</subfield>
    <subfield code="z">Negros Oriental. </subfield>
    <subfield code="9">17135</subfield>
  </datafield>
  <datafield tag="650" ind1=" " ind2=" ">
    <subfield code="a">Vocational education </subfield>
    <subfield code="z">Philippines.</subfield>
    <subfield code="9">17136</subfield>
  </datafield>
  <datafield tag="650" ind1=" " ind2=" ">
    <subfield code="a">Curriculum evaluation </subfield>
    <subfield code="z">Philippines.</subfield>
    <subfield code="9">12835</subfield>
  </datafield>
  <datafield tag="650" ind1=" " ind2=" ">
    <subfield code="a">Educational planning </subfield>
    <subfield code="z">Philippines.</subfield>
    <subfield code="9">12574</subfield>
  </datafield>
  <datafield tag="650" ind1=" " ind2=" ">
    <subfield code="a">School management and organization </subfield>
    <subfield code="z">Philippines.</subfield>
    <subfield code="9">17137</subfield>
  </datafield>
  <datafield tag="650" ind1=" " ind2=" ">
    <subfield code="a">Education and state </subfield>
    <subfield code="z">Philippines.</subfield>
    <subfield code="9">12367</subfield>
  </datafield>
  <datafield tag="658" ind1=" " ind2=" ">
    <subfield code="a">Dissertation Writing 2 :</subfield>
    <subfield code="b">Industrial Engineering, Bachelor of Science in ;</subfield>
    <subfield code="c">EDD 101 .</subfield>
  </datafield>
  <datafield tag="900" ind1=" " ind2="0">
    <subfield code="4">Sapalaran, James O., cataloger</subfield>
  </datafield>
  <datafield tag="942" ind1=" " ind2=" ">
    <subfield code="2">lcc</subfield>
    <subfield code="c">DS</subfield>
    <subfield code="n">0</subfield>
    <subfield code="h">LG 221 D35 G73</subfield>
    <subfield code="i">A6 E38 A36 1993 T35</subfield>
    <subfield code="k">GS (DocEd-Dis) </subfield>
  </datafield>
  <datafield tag="999" ind1=" " ind2=" ">
    <subfield code="c">6254</subfield>
    <subfield code="d">6254</subfield>
  </datafield>
  <datafield tag="952" ind1=" " ind2=" ">
    <subfield code="0">0</subfield>
    <subfield code="1">0</subfield>
    <subfield code="2">lcc</subfield>
    <subfield code="4">0</subfield>
    <subfield code="7">4</subfield>
    <subfield code="8">NFIC</subfield>
    <subfield code="a">FOUNDATION</subfield>
    <subfield code="b">FOUNDATION</subfield>
    <subfield code="c">MAIN-THE,DISS</subfield>
    <subfield code="d">2026-06-04</subfield>
    <subfield code="e">Donated</subfield>
    <subfield code="l">0</subfield>
    <subfield code="o">GS (DocEd-Dis) LG 221 D35 G73 A6 E38 A36 1993 T35</subfield>
    <subfield code="p">0232026007008</subfield>
    <subfield code="r">2026-06-04 08:48:00</subfield>
    <subfield code="w">2026-06-04</subfield>
    <subfield code="y">DS</subfield>
    <subfield code="k">DocEd-Dis-2026008</subfield>
  </datafield>
</record>
